000 00647nam a2200241Ia 4500
003 OSt
005 20220924132124.0
006 a|||||r|||| 00| 0
007 ta
008 220923b |||||||| |||| 00| 0 san d
024 _a16881
037 _cTextual
040 _aARTS
_cARTS
_bsan
041 _2san
_asan
082 _aQ233:2311, 15F7
100 _aAbhinavagupta
_982807
245 0 _aMalinivijaya varttikam , ed by Madhusudan Kaul
260 _c1927
490 _aKashmir series of texts and studies; 32
650 _aRELIGION
942 _hQ233:2311, 15F7
_cTEXL
_2CC
999 _c429333
_d429333